Loading...
| Other Arts: Auditory | 0 | 2 | 0 | 2 | 20 | 127 | 137.00 | 0 | 2 | 0.00 | 0.00 |
| Ancient History and Archaeology | 0 | 1 | 0 | 1 | 10 | 132 | 132.00 | 0 | 1 | 0.00 | 0.00 |
| Fine Arts - Visual | 0 | 1 | 0 | 1 | 10 | 132 | 132.00 | 1 | 1 | 0.00 | 0.00 |
| Geography | 0 | 1 | 0 | 1 | 10 | 66 | 66.00 | 1 | 1 | 0.00 | 0.00 |
| Other Arts: Visual | 0 | 1 | 0 | 1 | 10 | 114 | 114.00 | 0 | 1 | 0.00 | 0.00 |
| Beliefs | 0 | 1 | 1 | 0 | 5 | 137 | 137.00 | 1 | 1 | 0.00 | 0.00 |
| History - World | 0 | 0 | 0 | 0 | 0 | 0.00 | 0 | 0 | 0.00 | 0.00 | |
| Science - Biology | 0 | 0 | 0 | 0 | 0 | 0.00 | 0 | 0 | 0.00 | 0.00 | |
| Fine Arts - Auditory | 0 | 0 | 1 | 0 | -5 | 0.00 | 0 | 0 | 0.00 | 0.00 |